La demografía

I tiakina i:
Ngā taipitopito rārangi puna kōrero
Kaituhi matua: Vallin, Jacques (Author)
Hōputu: Pukapuka
Reo:Pāniora
I whakaputaina: Santiago Centro Latinoamericano de Demografía 1994
Putanga:1a. ed
Ngā marau:
Ngā Tūtohu: Tāpirihia he Tūtohu
Kāore He Tūtohu, Me noho koe te mea tuatahi ki te tūtohu i tēnei pūkete!

MARC

LEADER 00000cam a2200000 a 4500
001 UCU3452
003 CL-VaPUC
008 960510e19940000CL |||||||||||||||||spa|d
082 0 4 |a 304.6  |b VAL  |2 21 
100 0 |a Vallin, Jacques  |e author  |9 360405 
245 1 3 |a La demografía 
250 |a 1a. ed 
300 |a 163 p 
942 |c BK 
945 |d 19960510 00:00:00  |a rleighto 
260 |a Santiago  |b Centro Latinoamericano de Demografía  |c 1994 
650 0 |a Demografía   |9 260008 
650 0 |a Población  |9 257577 
650 7 |a FECUNDIDAD  |2 CL-VaPUC  |9 335136 
650 7 |a MORTALIDAD  |2 CL-VaPUC  |9 341601 
650 0 |a Reproducción  |9 269783 
650 7 |a MIGRACION DE PERSONAS  |2 CL-VaPUC  |9 357970 
650 7 |a DINAMICA DE LA POBLACION  |2 CL-VaPUC  |9 338226 
650 7 |a CRECIMIENTO DEMOGRAFICO  |2 CL-VaPUC  |9 338225 
583 |a last modification  |c 20140331 07:11:39  |k Rodrigo Vera 
999 |c 247461  |d 247459 
952 |0 0  |1 0  |4 0  |6 304_600000000000000_VAL_1994  |7 0  |8 A  |9 263390  |a BIBING  |b BIBING  |d 2019-11-19  |i 3198472  |o 304.6 VAL 1994  |p 3198472  |r 2025-01-20  |w 2019-11-19  |y BK  |k GEO 
952 |0 0  |1 0  |3 erb  |4 0  |6 304_600000000000000_VAL_1994  |7 0  |8 A  |9 263391  |a BIBING  |b BIBING  |i 5065682  |o 304.6 VAL 1994  |p 5065682  |r 2025-01-20  |w 2019-11-19  |y BK  |z Catalogado en:20140407  |k GEO